000
00321nam a22001457a 4500
008
210302b ||||| |||| 00| 0 eng d
020
_a
0316161373
041
_a
eng
080
_a
37
082
_a
37
100
_a
25
101
_a
EDU
245
_a
Readings on English as Second Language
_c
Croft, K
942
_2
udc
_c
BK
999
_c
55505
_d
55505